000 00518nam a2200193Ia 4500
005 20250326143301.0
008 250326s9999 xx 000 0 und d
037 _aTextbook
040 _aFMSL
_beng
_cFMSL
041 _aeng
_2eng
084 _aB28 P0
_qFMSL
100 _aSpiegel M R
245 0 _aProbability and statistics
_cSpiegel M R And Others
250 _a2
260 _aNew Delhi
_bNew Delhi, Tata McGraw Hill
_c2000
300 _a408p
942 _cTB
_hB28 P0
999 _c1298911
_d1298911